Countries with the most Maldivians - Statistics

General Stats
  • This quiz has been taken 9 times
  • The average score is 6 of 15
Answer Stats
Number Answer % Correct
344,023 Maldives
100%
20,000 Sri Lanka
100%
15,000 India
89%
733 United States
67%
680 Australia
56%
1,000 United Kingdom
56%
1,000 Singapore
33%
1,500 Malaysia
22%
39 Netherlands
22%
450 Pakistan
22%
1 Thailand
22%
90 Colombia
0%
150 Egypt
0%
2 Philippines
0%
3 Taiwan
0%
No matching quizzes found
Score Distribution
Percent of People with Each Score
Percentile by Number Answered
Your Score History
You have not taken this quiz